[Event "31. DSenEM2019-Gruppe-50"]
[Site "Radebeul"]
[Date "2019.05.04"]
[Round "9.14"]
[White "Noldt, Torsten"]
[Black "Lauckner, Jörg"]
[Result "0-1"]
[BlackElo "1975"]
[BlackTeam "SG Leipzig"]
[EventDate "2019.??.??"]
[PlyCount "108"]
[WhiteElo "2013"]
[WhiteTeam "Elmshorner SC"]

1. d4 d5 2. Bf4 Nf6 3. e3 c5 4. c3 Nc6 5. Bd3 Qb6 6. Qc2 c4 7. Be2 Bf5 8. Qc1 e6
9. Nf3 Be7 10. O-O O-O 11. h3 Rfc8 12. Nbd2 Qd8 13. Ne5 Nxe5 14. Bxe5 b5 15.
Bh2 Ne4 16. f3 Nxd2 17. Qxd2 Qb6 18. g4 Bg6 19. f4 Be4 20. Bf3 Bxf3 21. Rxf3 f5
22. Qg2 g6 23. h4 Kf7 24. h5 Rh8 25. Rh3 b4 26. g5 bxc3 27. bxc3 Rab8 28. Qc2
Kg7 29. Rf1 a5 30. Qa4 Qb5 31. Qc2 Qb2 32. Rf2 Qxc2 33. Rxc2 Rb1+ 34. Kg2 Rhb8
35. hxg6 hxg6 36. Rf3 R8b2 37. Rff2 Ba3 38. Bg3 Rxc2 39. Rxc2 a4 40. Kf3 Bb2
41. a3 Bxa3 42. Ra2 Rb3 43. Be1 Kf7 44. Bd2 Ke7 45. Ke2 Kd7 46. Kd1 Kc6 47. Kc2
Kb5 48. Be1 Bd6 49. Bd2 a3 50. Bc1 Ka4 51. Bd2 Rb7 52. Ra1 Rb2+ 53. Kd1 Kb3 54.
Bc1 a2  0-1

[Event "31. DSenEM2019-Gruppe-50"]
[Site "Radebeul"]
[Date "2019.05.04"]
[Round "9.15"]
[White "Wunder, Stefan"]
[Black "Lehr, Thomas"]
[Result "1/2-1/2"]
[BlackElo "1902"]
[BlackTeam "Husumer SV"]
[EventDate "2019.??.??"]
[PlyCount "106"]
[WhiteElo "2032"]
[WhiteTeam "FC Nordhalben"]

1. Nf3 d5 2. g3 Bg4 3. Bg2 Nd7 4. d4 e6 5. Nbd2 Ngf6 6. O-O Be7 7. c4 c6 8. Qb3
Qb6 9. Re1 Qxb3 10. axb3 Bf5 11. c5 O-O 12. b4 h6 13. Nf1 Rfe8 14. h3 Bf8 15.
g4 Be4 16. Bf4 Bxf3 17. exf3 g6 18. Nd2 Bg7 19. Re3 Nh7 20. Nb3 a6 21. Rae1 g5
22. Bg3 Nhf8 23. f4 b6 24. fxg5 hxg5 25. Bf1 bxc5 26. bxc5 a5 27. Rd1 a4 28.
Nc1 Ng6 29. Ne2 Ra7 30. Ra3 e5 31. dxe5 Bxe5 32. Bxe5 Ngxe5 33. Nd4 Rea8 34.
Rc1 Ra5 35. Be2 Rxc5 36. Rxc5 Nxc5 37. Rc3 Ra5 38. Kg2 Kf8 39. h4 Ne4 40. Re3
c5 41. Nf5 Ng6 42. h5 Nf4+ 43. Kg1 Nf6 44. h6 Ra8 45. Bd1 d4 46. Re5 Ne6 47.
Ng7 Nxg7 48. hxg7+ Kxg7 49. Rxg5+ Kf8 50. Rxc5 a3 51. bxa3 Rxa3 52. Kg2 d3 53.
Rc4 Ke7  1/2-1/2

[Event "31. DSenEM2019-Gruppe-50"]
[Site "Radebeul"]
[Date "2019.05.04"]
[Round "9.16"]
[White "Seils, Ralf"]
[Black "Bigott, Martin"]
[Result "0-1"]
[BlackElo "1782"]
[BlackTeam "SF Lohmar"]
[EventDate "2019.??.??"]
[PlyCount "98"]
[WhiteElo "1954"]
[WhiteTeam "SF Nordost Berlin"]

1. b4 e5 2. Bb2 Bxb4 3. Bxe5 Nf6 4. Nc3 Ba5 5. e3 d6 6. Bxf6 Qxf6 7. Ne4 Qe7 8.
Ng3 O-O 9. Nf3 c5 10. Be2 d5 11. O-O Nc6 12. c4 dxc4 13. Bxc4 Bg4 14. Be2 Rad8
15. d3 Nb4 16. a3 Bxf3 17. gxf3 Nd5 18. Qa4 b6 19. Qg4 Nc3 20. f4 Qd7 21. Qg5
f6 22. Qh5 Nxe2+ 23. Nxe2 Qxd3 24. Ng3 Qg6 25. Qe2 Qd3 26. Qg4 Qg6 27. Qe2 Rd2
28. Qc4+ Qf7 29. Qa6 Rfd8 30. h4 c4 31. Rac1 c3 32. Ne2 Qh5 33. Nxc3 Qg4+ 34.
Kh2 Qxh4+ 35. Kg2 Qg4+ 36. Kh2 Bxc3 37. Qc4+ Kh8 38. Rxc3 R2d5 39. f5 Qh5+ 40.
Kg2 Rxf5 41. e4 Rc5 42. Qb3 Rxc3 43. Qxc3 Qg4+ 44. Kh1 Qxe4+ 45. f3 Qh4+ 46.
Kg2 Qg5+ 47. Kh3 Qf5+ 48. Kg2 Rc8 49. Rd1 h6  0-1

[Event "31. DSenEM2019-Gruppe-50"]
[Site "Radebeul"]
[Date "2019.05.04"]
[Round "9.18"]
[White "Noack, Mario"]
[Black "Kebbedies, Frank"]
[Result "0-1"]
[BlackElo "1740"]
[BlackTeam "Rastede"]
[EventDate "2019.??.??"]
[PlyCount "136"]
[WhiteElo "1944"]
[WhiteTeam "SC Großröhrsdorf"]

1. c4 e5 2. g3 Nf6 3. Bg2 Nc6 4. a3 g6 5. Nc3 Bg7 6. e3 O-O 7. Nge2 Ne7 8. d4
exd4 9. Nxd4 d5 10. cxd5 Nfxd5 11. Nxd5 Nxd5 12. O-O c6 13. Qc2 Qb6 14. Rd1 Re8
15. Bd2 Bg4 16. Bf3 Bxf3 17. Nxf3 Qxb2 18. Qxb2 Bxb2 19. Rab1 Bxa3 20. Rxb7 Re7
21. Rb3 Bd6 22. Nd4 c5 23. Nb5 c4 24. Rbb1 Be5 25. Ba5 Nb6 26. Rbc1 Na4 27.
Rxc4 Nb2 28. Rd8+ Rxd8 29. Bxd8 Nxc4 30. Bxe7 a6 31. Nd4 Bd6 32. Bf6 Nd2 33. f3
Kf8 34. Kf2 Nc4 35. Ke2 Be7 36. Bxe7+ Kxe7 37. Kd3 Nd6 38. e4 Kd7 39. f4 h5 40.
h3 Kc7 41. e5 Nf5 42. Ne2 a5 43. Kc4 Kc6 44. g4 hxg4 45. hxg4 Ne3+ 46. Kd3 Nxg4
47. Nd4+ Kd5 48. Nb5 a4 49. Nc3+ Ke6 50. Nxa4 Kf5 51. Ke2 Kxf4 52. e6 fxe6 53.
Nc5 e5 54. Kf1 Ke3 55. Kg2 Nf6 56. Ne6 Nd5 57. Kg3 e4 58. Ng5 Kd3 59. Nh3 e3
60. Ng1 Kd2 61. Nf3+ Kd1 62. Kg2 Nf4+ 63. Kg3 Nd5 64. Kg2 Nc3 65. Kg3 e2 66.
Kf2 Ne4+ 67. Ke3 g5 68. Kxe4 g4  0-1

[Event "31. DSenEM2019-Gruppe-50"]
[Site "Radebeul"]
[Date "2019.05.04"]
[Round "9.19"]
[White "Steinert, Frank"]
[Black "Schober, Ralf"]
[Result "0-1"]
[BlackElo "2070"]
[BlackTeam "SV Sundern"]
[EventDate "2019.??.??"]
[PlyCount "52"]
[WhiteElo "1960"]
[WhiteTeam "SV Dresden-Leuben"]

1. e4 d6 2. d4 Nf6 3. Nc3 e5 4. Nge2 Be7 5. g3 Bg4 6. dxe5 dxe5 7. Qxd8+ Bxd8 8.
Bg2 Nfd7 9. Be3 c6 10. f3 Be6 11. Kf2 Na6 12. f4 f6 13. a3 Bb6 14. b4 Bxe3+ 15.
Kxe3 Nb6 16. f5 Bf7 17. Nc1 O-O-O 18. Nb3 Nc4+ 19. Kf2 Nd2 20. Nc5 Nxc5 21.
bxc5 Nc4 22. Rhe1 Rd2+ 23. Re2 Rhd8 24. Nb1 Rd1 25. Re1 Rxe1 26. Kxe1 Ne3  0-1

[Event "31. DSenEM2019-Gruppe-50"]
[Site "Radebeul"]
[Date "2019.05.04"]
[Round "9.20"]
[White "Gerks, Joachim"]
[Black "Pichler, Manfred"]
[Result "0-1"]
[BlackElo "2017"]
[BlackTeam "USV Halle"]
[EventDate "2019.??.??"]
[PlyCount "48"]
[WhiteElo "1777"]
[WhiteTeam "SK Norderstedt"]

1. e4 d5 2. exd5 Qxd5 3. Nc3 Qa5 4. d4 c6 5. Bd2 Bf5 6. Nf3 e6 7. a3 Nd7 8. h3
h6 9. Bc4 Qc7 10. O-O Ngf6 11. Re1 Bd6 12. Be3 g5 13. Bd3 Bxd3 14. Qxd3 g4 15.
hxg4 Nxg4 16. Ne4 Be7 17. Qd2 O-O-O 18. Qc1 f5 19. Nc5 Nxc5 20. dxc5 e5 21. b4
Bf6 22. c3 Rhg8 23. Ra2 Qg7 24. Rae2 Nh2  0-1

[Event "31. DSenEM2019-Gruppe-50"]
[Site "Radebeul"]
[Date "2019.05.04"]
[Round "9.21"]
[White "John, Bernd"]
[Black "Reitmaier, Adolf"]
[Result "1-0"]
[BlackElo "1476"]
[BlackTeam "vereinslos"]
[EventDate "2019.??.??"]
[PlyCount "53"]
[WhiteElo "1796"]
[WhiteTeam "SC Sonthofen"]

1. d4 d5 2. Bf4 h6 3. e3 Bf5 4. c4 Nf6 5. Nc3 a6 6. Qb3 Qc8 7. cxd5 Nbd7 8. Nf3
Nh5 9. Bg3 Nxg3 10. hxg3 Rb8 11. e4 Bh7 12. Bd3 g6 13. Qc2 Bg7 14. Rc1 Nb6 15.
Na4 Na8 16. Nc5 O-O 17. Qd2 Nb6 18. Ke2 Nd7 19. Nxd7 Qxd7 20. Rxh6 Bxh6 21.
Qxh6 f6 22. Rh1 Rf7 23. e5 Qxd5 24. b3 f5 25. Bc4 Qe4+ 26. Kd2 Rf8 27. Qxh7# 
1-0

[Event "31. DSenEM2019-Gruppe-50"]
[Site "Radebeul"]
[Date "2019.05.04"]
[Round "9.22"]
[White "Eilmes, Franco"]
[Black "Weser, Dietmar"]
[Result "0-1"]
[BlackElo "1566"]
[BlackTeam "SV Traktor Priestewitz"]
[EventDate "2019.??.??"]
[PlyCount "91"]
[WhiteElo "1778"]
[WhiteTeam "SV Traktor Priestewitz"]

1. e4 c5 2. Nf3 e6 3. d3 Nc6 4. Nbd2 d6 5. g3 Nf6 6. Bg2 Be7 7. O-O O-O 8. a4 b6
9. c3 Bb7 10. Re1 a5 11. Nc4 Rb8 12. Na3 h6 13. Nb5 Ba6 14. Qc2 e5 15. Nh4 Bc8
16. Nf5 Ba6 17. Nxe7+ Nxe7 18. f4 Bxb5 19. axb5 Qd7 20. c4 exf4 21. Bxf4 Ng6
22. Bd2 Ne5 23. Bc3 Rfd8 24. Rad1 Qe6 25. Qe2 Nh7 26. Rf1 Ng5 27. b3 Nh3+ 28.
Bxh3 Qxh3 29. d4 Qg4 30. Qxg4 Nxg4 31. Rf3 cxd4 32. Rxd4 Ne5 33. Rf1 Ng4 34.
Rfd1 Ne3 35. R1d2 Ng4 36. Rxd6 Rxd6 37. Rxd6 Ne3 38. Kf2 Ng4+ 39. Kg2 Ne3+ 40.
Kh3 h5 41. Bd4 Ng4 42. e5 a4 43. Rxb6 Rxb6 44. Bxb6 a3 45. Bd4 Nf2+ 46. Bxf2 
0-1